| 000 | 00831nam a2200253Ia 4500 | ||
|---|---|---|---|
| 001 | 113738 | ||
| 003 | DR-UNIBE | ||
| 005 | 20250609093928.0 | ||
| 008 | 250605b2025 dr ||||| |||| 00| 0 spa d | ||
| 020 | _a9789945629538 | ||
| 040 |
_aBIBLIOTECA UNIBE _cBIBLIOTECA UNIBE _erda |
||
| 041 | _aspa | ||
| 082 | 0 | _aRD 863.5 T646g | |
| 100 | 4 | 0 |
_aToirac, Luis _980393 _eautor |
| 245 | 0 |
_aGárgolas, quimeras y otros seres de piedra / _cLuis Toirac |
|
| 260 | 4 |
_aSanto Domingo : _bBanco Central de la República Dominicana, _c2025 |
|
| 300 | 4 | _a176 páginas | |
| 490 |
_aColección del Banco Central de la República Dominicana ; _vvol. 324 |
||
| 490 |
_aSerie arte y literatura ; _vno. 123 |
||
| 650 |
_aCuentos dominicanos _9104927 |
||
| 650 |
_aLiteratura dominicana _9104928 |
||
| 942 |
_cBK _2ddc |
||
| 951 | _a20061022 10:18:00 | ||
| 999 |
_c113738 _d113738 |
||